Soy Albert Einstein / (Record no. 10610)
[ view plain ]
| 000 -LEADER | |
|---|---|
| fixed length control field | 00701 a2200229 4500 |
| 003 - CONTROL NUMBER IDENTIFIER | |
| control field | sjdsd |
| 005 - DATE AND TIME OF LATEST TRANSACTION | |
| control field | 20240304223730.0 |
| 008 - FIXED-LENGTH DATA ELEMENTS--GENERAL INFORMATION | |
| fixed length control field | 240304b |||||||| |||| 00| 0 spa d |
| 020 ## - INTERNATIONAL STANDARD BOOK NUMBER | |
| International Standard Book Number | 9780545572019 |
| 020 ## - INTERNATIONAL STANDARD BOOK NUMBER | |
| International Standard Book Number | 0545572010 |
| 040 ## - CATALOGING SOURCE | |
| Transcribing agency | sjds |
| 041 ## - LANGUAGE CODE | |
| Language code of text/sound track or separate title | spa |
| 100 1# - MAIN ENTRY--PERSONAL NAME | |
| Personal name | Norwich, Grace |
| 245 ## - TITLE STATEMENT | |
| Title | Soy Albert Einstein / |
| Statement of responsibility, etc. | Grace Norwich (Author), Ute Simon (Illustrator), Eida de la Vega (Translator) |
| 260 ## - PUBLICATION, DISTRIBUTION, ETC. (IMPRINT) | |
| Place of publication, distribution, etc. | New York, NY : |
| Name of publisher, distributor, etc. | Scholastic Inc., |
| Date of publication, distribution, etc. | 2013 |
| 300 ## - PHYSICAL DESCRIPTION | |
| Extent | 112 pages : |
| Other physical details | illustrations, map ; |
| Dimensions | 20 cm |
| 440 ## - SERIES STATEMENT/ADDED ENTRY--TITLE | |
| Title | Soy (Scholastic Inc.) |
| 521 ## - TARGET AUDIENCE NOTE | |
| Target audience note | Ages 8-10. Grades 3-5. |
| 700 10 - ADDED ENTRY--PERSONAL NAME | |
| Personal name | Simon , Ute |
| Relator term | Illustrator |
| 700 10 - ADDED ENTRY--PERSONAL NAME | |
| Personal name | Vega, Eida de la |
| Relator term | Translator |
| 942 ## - ADDED ENTRY ELEMENTS (KOHA) | |
| Koha item type | Libro/Book |
| Withdrawn status | Lost status | Damaged status | Not for loan | Home library | Current library | Date acquired | Inventory number | Total Checkouts | Full call number | Barcode | Date last seen | Date checked out | Price effective from | Koha item type | Checked out |
|---|---|---|---|---|---|---|---|---|---|---|---|---|---|---|---|
| Azul y Blanco -- Satellite | Azul y Blanco -- Satellite | 10/05/2016 | inventory date: 20-1-25 | 2 | JES | 35200062 | 11/10/2024 | 03/06/2024 | 10/05/2016 | Libro/Book | |||||
| San Juan Del Sur -- Mobile | San antonio del baston | 04/03/2024 | 3 | 33016155 | 03/10/2024 | 03/10/2024 | 04/03/2024 | Libro/Book | 07/11/2024 | ||||||
| Sevadilla -- Satellite | Sevadilla -- Satellite | 31/05/2016 | 35400045 | 31/05/2016 | 31/05/2016 | Libro/Book |